| 000 | 00470nam a2200169Ia 4500 | ||
|---|---|---|---|
| 999 |
_c14255 _d14255 |
||
| 003 | OSt | ||
| 005 | 20200630110959.0 | ||
| 008 | 190216s9999||||xx |||||||||||||| ||und|| | ||
| 020 | _a9781853264665 | ||
| 040 | _coclc | ||
| 082 |
_a930 _bRAW/H |
||
| 100 |
_aRawlinson, H G _93226 |
||
| 245 | 0 |
_aHerodotus Histories / _cH G Rawlinson |
|
| 260 |
_bWordsworth Classic, _aBritain: _c1996. |
||
| 300 | _a734p | ||
| 942 |
_cBK _2ddc _h930 _iRAW/H _k930 _mRAW/H |
||